Technology and the Prospects for Natural Gas Results of Current Gas Studies

Salvato in:
Dettagli Bibliografici
Autore principale: Rogner, Hans-Holger
Natura: Libro
Lingua:inglese
Pubblicazione: Laxenburg International Institute for Applied Systems Analysis 1988
Edizione:1. ed.
Tags: Aggiungi Tag
Nessun Tag, puoi essere il primo ad aggiungerne!!

MARC

LEADER 00000nam a2200000 4500
001 c038172
005 20250509074321.7
041 0 |a eng 
044 |a AT 
245 1 0 |a Technology and the Prospects for Natural Gas  |b Results of Current Gas Studies  |c Hans-Holger Rogner 
250 |a 1. ed. 
264 1 |a Laxenburg  |b International Institute for Applied Systems Analysis  |c 1988 
300 |a 26 s. 
100 1 |a Rogner, Hans-Holger